000 00592nam a2200217Ia 4500
003 GCL
008 140319s9999 xx 000 0 eng d
020 _a2843230349
040 _aGCL /
_cGCL
082 0 4 _a920
_bG C
100 1 _aCIACOLIETTI, FRANCIS
245 1 0 _aLES COMPANDEROS DE CHE GUEVARA /
_cCIACOLIETTI, FRANCIS
700 1 _aVICENT, MAURICIO
700 1 _aGLAVANY, ARMELLE
260 _aفرنسا :
_bASSOULINE ،
_c1992
300 _a124 P ؛
_c30 cm.
650 0 4 _aBIOGRAPHIES
650 0 4 _aMEN - BIOGRAPHIES
650 0 4 _aGUEVERA, CHE, 1928 - 1967
942 _2ddc
_cBK
999 _c16462
_d16462